000 00550nam a2200181Ia 4500
008 090124s9999 xx 000 0 und d
082 _b100175
100 _aकेळकर न. चि.
245 _a कृष्णार्जुनयुद्ध
250 _a1
260 _c1915
300 _a2+135+2
600 _aकेळकर न. चि.
630 _a कृष्णार्जुनयुद्ध
700 _aकेळकर न. चि.
730 _a कृष्णार्जुनयुद्ध
942 _cBOOK
999 _c146265
_d146265